原神 名刺からキャラ当て - Statistics

General Stats
  • This quiz has been taken 163 times
  • The average score is 55 of 93
Answer Stats
Picture Answer % Correct
リネ
100%
胡桃
97%
ヨォーヨ
93%
ディオナ
87%
宵宮
87%
セノ
76%
ベネット
71%
香菱
71%
ファルザン
69%
リネット
69%
ウェンティ
68%
キィニチ
67%
綺良々
67%
アンバー
67%
アルレッキーノ
66%
千織
66%
早柚
66%
八重神子
66%
ナヒーダ
66%
シュヴルーズ
64%
レザー
64%
嘉明
64%
鍾離
64%
フィッシュル
64%
閑雲
64%
雷電将軍
64%
64%
ムアラニ
64%
ジン
63%
夜蘭
63%
ドリー
63%
オロルン
63%
クレー
63%
ナヴィア
63%
楓原万葉
63%
重雲
62%
タルタリヤ
62%
ディルック
62%
シトラリ
62%
フリーナ
62%
白朮
61%
シャルロット
61%
九条裟羅
61%
バーバラ
61%
コレイ
61%
シグウィン
61%
リサ
60%
クロリンデ
60%
ゴロー
60%
神里綾華
60%
カチーナ
60%
モナ
60%
マーヴィカ
60%
シロネン
60%
ロサリア
59%
フレミネ
59%
エミリエ
59%
甘雨
58%
辛炎
57%
リオセスリ
57%
ヌヴィレット
57%
ニィロウ
56%
行秋
56%
北斗
56%
煙緋
56%
久岐忍
54%
レイラ
54%
ティナリ
53%
スクロース
53%
荒瀧一斗
51%
カーヴェ
51%
アルハイゼン
50%
チャスカ
49%
申鶴
48%
凝光
48%
藍硯
48%
ノエル
48%
セトス
48%
雲菫
47%
七七
47%
刻晴
47%
ミカ
47%
ディシア
47%
ガイア
43%
神里綾人
43%
アーロイ
42%
珊瑚宮心海
42%
トーマ
40%
エウルア
40%
放浪者
38%
キャンディス
36%
アルベド
34%
鹿野院平蔵
33%
No matching quizzes found
Score Distribution
Percent of People with Each Score
Percentile by Number Answered
Your Score History
You have not taken this quiz